000 00413nam a2200145Ia 4500
008 211109s9999||||xx |||||||||||||| ||und||
082 _a822
_bKAR-H
100 _aKarnad [girish],
245 0 _aHayavadana
260 _bNATIONAL BOOKSTALL
_aKottayam
_c1900
300 _a71p
630 _xGeneral Stack
650 _aEnglish drama
_vEnglish & Old English literatures
_xLiterature & rhetoricEnglish
942 _cBOOK
999 _c94656
_d94656